[Event "EU-ch Amateur Online 1400/1700"]
[Site "Tornelo INT"]
[Date "2021.04.17"]
[Round "5"]
[White "Ntouvelos, Ioannis"]
[Black "Turel, Tugrul"]
[Result "1-0"]
[WhiteElo "1547"]
[BlackElo "1046"]
[PlyCount "87"]
[EventDate "2021.04.17"]
[EventType "swiss (rapid)"]
[EventRounds "8"]
[EventCountry "NET"]
[SourceTitle "EXT 2023"]
[Source "ChessBase"]
[SourceDate "2022.10.05"]
[SourceVersion "1"]
[SourceVersionDate "2022.10.05"]
[SourceQuality "1"]

1. c4 c5 2. g3 Nf6 3. Bg2 g6 4. Nc3 Bg7 5. e4 d6 6. Nge2 Nc6 7. 0-0 0-0 8. h3 e6 9. f4 a6 10. a3 Rb8 11. Rb1 b5 12. cxb5 axb5 13. b4 c4 14. d3 d5 15. e5 Nd7 16. dxc4 bxc4 17. Be3 Nb6 18. a4 Bd7 19. Nd4 Nxd4 20. Bxd4 Nxa4 21. Nxa4 Bxa4 22. Qxa4 Ra8 23. Qc2 Qc7 24. b5 Ra3 25. b6 Qb7 26. Rf3 Ra6 27. Rc3 Qc6 28. b7 Rb8 29. Qb2 Bf8 30. Qb5 Qxb5 31. Rxb5 Be7 32. Rc1 Kf8 33. Ra1 Rxa1+ 34. Bxa1 Ke8 35. Bd4 Kd7 36. Ba7 Kc7 37. Bxb8+ Kxb8 38. Kf1 c3 39. Ke2 d4 40. Ra5 c2 41. Ra8+ Kc7 42. b8Q+ Kd7 43. Qb5+ Kc7 44. Qc6# 1-0